Văn phạm Hán ngữ hiện đại

Đã lưu trong:
Sonraí Bibleagrafaíochta
Formáid: Leabhar
Foilsithe: 1994
Clibeanna: Cuir Clib Leis
Gan Chlibeanna, Bí ar an gcéad duine leis an taifead seo a chlibeáil!
Thư viện lưu trữ: Mạng thư viện Đại học Đà Nẵng
LEADER 00448nam a22001811a 4500
001 000036898
003 13193
005 20160412014941.0
008 160412s1994 000
082 |a 4H(07)405 
245 |a Văn phạm Hán ngữ hiện đại  |c Nguyễn Văn Ái 
260 |c 1994 
OWN |a LNN 
999 |a From the UDN01 
TYP |a Monograph 
980 |a Mạng thư viện Đại học Đà Nẵng